000 00507cam a2200193ua 4500
001 1235
008 110621n ii |||gr||||Z||||||eng
020 _a0-210-33692-7
040 _cMAIN
082 _a331.01
245 1 0 _aLabour problems in Indian industry
_cby V.V. Giri
250 _a3rd rev & enl ed.
260 _aBombay:
_bAsia publishing,972.
300 _axx, 564p.:
_c25cm.
653 _aEconomics
653 _aLabour problems in Indian industry
700 1 _aGiri, V.V.,
_eAuthor.
942 _cBK
999 _c1140
_d1140